000 00426nam a22001697a 4500
003 MPLRDC
005 20220104123552.0
008 210129b ||||| |||| 00| 0 eng d
082 _a535.731 CHRI
100 _aROBERT C.CHRISTOPHER
245 _a探索日本奇迹
_c袁宗绮等译
260 _a
_b财经出版社
_c
300 _b
490 _a财经管理丛书
650 _a民族性
942 _cBK
_o535.731 CHRI
999 _c12453
_d12443